[Event "DVM U20w 2013"]
[Site "Osnabrück GER"]
[Date "2013.12.28"]
[Round "4"]
[White "Endress, Anna"]
[Black "Polert, Annika"]
[Result "1-0"]
[Termination "normal"]
[Board "1.1"]
[WhiteElo "2138"]
[BlackElo "1834"]
[WhiteTeam "TSV Schott Mainz"]
[BlackTeam "TuRa Harksheide von 1945 Norderstedt e. V."]
[WhiteFideId "24629472"]
[BlackFideId "24692328"]
[EventCountry "GER"]
[EventRounds "7"]
[EventType "team-swiss"]
[EventDate "2013.12.26"]

1. e4 e5 2. Nf3 Nc6 3. Bc4 Bc5 4. c3 Nf6 5. d3 a6 6. O-O d6 7. Bb3 Ba7 8. Re1
O-O 9. Nbd2 Be6 10. Nf1 h6 11. Be3 Ne7 12. Bxa7 Rxa7 13. Ng3 Ng6 14. d4 exd4
15. cxd4 Bxb3 16. Qxb3 d5 17. e5 Ne8 18. Qe3 Qd7 19. Nd2 Nh4 20. f4 Nf5 21.
Nxf5 Qxf5 22. Nf1 Qe6 23. Qf3 c6 24. f5 Qc8 25. f6 g6 26. Re3 Nc7 27. Qf4 g5
28. Qf3 Kh7 29. Ng3 Rh8 30. Nf5 Qe6 31. Ne7 Nb5 32. Qe2 Nxd4 33. Qd3+ 1-0

[Event "DVM U20w 2013"]
[Site "Osnabrück GER"]
[Date "2013.12.28"]
[Round "4"]
[White "Schwarz, Larissa"]
[Black "Rosmait, Emily"]
[Result "0-1"]
[Termination "normal"]
[Board "1.3"]
[WhiteElo "1900"]
[BlackElo "1715"]
[WhiteTeam "TSV Schott Mainz"]
[BlackTeam "TuRa Harksheide von 1945 Norderstedt e. V."]
[WhiteFideId "24699004"]
[BlackFideId "12937754"]
[EventCountry "GER"]
[EventRounds "7"]
[EventType "team-swiss"]
[EventDate "2013.12.26"]

1. e4 e5 2. Nf3 Nc6 3. Bb5 Nf6 4. O-O Nxe4 5. d4 Nd6 6. Bxc6 dxc6 7. dxe5 Nf5
8. Qxd8+ Kxd8 9. Nc3 h6 10. Rd1+ Ke8 11. Nd4 Be7 12. Nce2 Nxd4 13. Nxd4 Bd7 14.
Re1 c5 15. Nb3 b6 16. Nd2 Kd8 17. b3 Kc8 18. Bb2 Be6 19. Ne4 Kb7 20. Rad1 Rad8
21. c4 Bf5 22. Nc3 Bg5 23. Rd5 c6 24. Rxd8 Rxd8 25. Rd1 Rxd1+ 26. Nxd1 Bd2 27.
Bc3 Bc1 28. Bb2 Bxb2 29. Nxb2 Bb1 30. a3 a5 31. Kf1 Bc2 32. Ke2 Bxb3 33. Kd3 b5
34. Kc3 a4 35. f4 Kc7 36. g4 Kd7 37. Nd3 Bxc4 38. Nxc5+ Ke7 39. h4 f6 40. exf6+
Kxf6 41. Kd4 Bd5 42. Nd3 Be6 43. f5 Bd5 44. Ke3 h5 45. Kf4 hxg4 46. Kxg4 Be4
0-1

[Event "DVM U20w 2013"]
[Site "Osnabrück GER"]
[Date "2013.12.28"]
[Round "4"]
[White "Brenner, Jytte"]
[Black "Brandl, Lea Maria"]
[Result "0-1"]
[Termination "normal"]
[Board "1.4"]
[WhiteElo "981"]
[BlackElo "1741"]
[WhiteTeam "TuRa Harksheide von 1945 Norderstedt e. V."]
[BlackTeam "TSV Schott Mainz"]
[WhiteFideId "12935123"]
[BlackFideId "24693049"]
[EventCountry "GER"]
[EventRounds "7"]
[EventType "team-swiss"]
[EventDate "2013.12.26"]

1. e4 c5 2. Nf3 d6 3. Bb5+ Bd7 4. Bxd7+ Qxd7 5. c4 Nc6 6. d4 cxd4 7. Nxd4 Nf6
8. Nc3 e6 9. O-O Be7 10. Re1 O-O 11. Nf3 a6 12. b3 Rfd8 13. Bb2 Rac8 14. a4 Qc7
15. Qe2 Na5 16. Qc2 Qb6 17. Nd2 Ng4 18. Re2 Ne5 19. Nd1 Bf6 20. Bxe5 Bxe5 21.
Rb1 Nc6 22. Nf3 Bf6 23. Qd2 Nb8 24. Qe3 Qc7 25. Nc3 Nd7 26. Rd2 Nc5 27. Ne2 Qc6
28. e5 dxe5 29. Rxd8+ Rxd8 30. Nxe5 Qd6 31. f4 Bxe5 32. Qxe5 Qxe5 33. fxe5 Rd3
34. Kf2 Rxb3 35. Rd1 Nd3+ 36. Kf1 g6 37. Nd4 Rc3 38. Nb3 Rxb3 0-1

[Event "DVM U20w 2013"]
[Site "Osnabrück GER"]
[Date "2013.12.28"]
[Round "4"]
[White "Schäfer, Annabelle"]
[Black "Nguyen Minh, Thuy"]
[Result "0-1"]
[Termination "normal"]
[Board "2.1"]
[WhiteElo "1948"]
[BlackElo "1975"]
[WhiteTeam "BSV 63 Chemie Weißensee"]
[BlackTeam "Chemnitzer SC Aufbau`95 1"]
[WhiteFideId "12917729"]
[BlackFideId "24672688"]
[EventCountry "GER"]
[EventRounds "7"]
[EventType "team-swiss"]
[EventDate "2013.12.26"]

1. e4 e6 2. d4 d5 3. Nc3 Nf6 4. e5 Nfd7 5. f4 c5 6. Nf3 Nc6 7. Be3 Be7 8. Be2
O-O 9. O-O a6 10. a4 Qb6 11. Qd2 cxd4 12. Nxd4 Bc5 13. Rad1 f6 14. exf6 Nxf6
15. Bf2 Bd7 16. Nxc6 Bxf2+ 17. Rxf2 bxc6 18. b3 c5 19. Bf3 Rac8 20. Ne2 Bc6 21.
Qe3 Rfe8 22. Rff1 d4 23. Qd3 Bxf3 24. Rxf3 Nd5 25. Rh3 g6 26. Kh1 Ne3 27. Rb1
Qb7 28. Rf3 e5 29. fxe5 Rxe5 30. c3 Rf5 31. Rg3 Rf2 32. cxd4 Nxg2 33. d5 Nh4
34. Kg1 Rcf8 35. Qc4 Qc7 36. Qxh4 Rf1+ 37. Kg2 Rxb1 0-1

[Event "DVM U20w 2013"]
[Site "Osnabrück GER"]
[Date "2013.12.28"]
[Round "4"]
[White "Nobis, Anna"]
[Black "Koch, Elisabeth"]
[Result "0-1"]
[Termination "normal"]
[Board "2.2"]
[WhiteElo "1786"]
[BlackElo "1688"]
[WhiteTeam "Chemnitzer SC Aufbau`95 1"]
[BlackTeam "BSV 63 Chemie Weißensee"]
[WhiteFideId "1270302"]
[BlackFideId "24695068"]
[EventCountry "GER"]
[EventRounds "7"]
[EventType "team-swiss"]
[EventDate "2013.12.26"]

1. e4 e5 2. Nf3 Nc6 3. Bc4 Nf6 4. d3 Bc5 5. c3 d6 6. Nbd2 a6 7. Bb3 Ba7 8. Nf1
h6 9. Ng3 O-O 10. h3 d5 11. exd5 Nxd5 12. O-O Be6 13. Re1 Qf6 14. Nh5 Qg6 15.
Nh4 Qh7 16. Qf3 Nde7 17. Qg3 Kh8 18. Bc2 Nf5 19. Nxf5 Bxf5 20. Ba4 b5 21. Qf3
Qg6 22. Bc2 Rad8 23. Rd1 Rd6 24. Ng3 Bxh3 25. Qe4 Qxg3 26. d4 Qg6 27. Qxg6 fxg6
28. gxh3 exd4 29. cxd4 Nxd4 30. Bd3 Nf3+ 31. Kf1 Ne5 32. Be2 Rxf2+ 33. Ke1
Rxd1+ 34. Kxd1 Rh2 35. Bf1 Bd4 36. Rb1 g5 37. a3 c5 38. b3 g4 39. hxg4 Nxg4 40.
a4 Rh1 41. Ke2 Ne5 42. axb5 axb5 43. Bf4 g5 44. Bg3 g4 45. Rd1 Nf3 46. Rd3 Rg1
47. Bf2 Rh1 48. Bg3 Nh2 49. Bg2 Rg1 50. Be4 Nf3 51. Bxf3 Rxg3 52. Bc6 Rxd3 53.
Kxd3 g3 54. b4 h5 55. bxc5 Bxc5 56. Ke2 b4 57. Bd5 b3 58. Kf3 b2 59. Be4 h4 60.
Kg2 Kg7 61. Kh3 Kf6 62. Kg2 Ke5 63. Bb1 Kd4 64. Bf5 Kc3 65. Be4 Kd2 66. Bf5 Kc1
67. Be4 b1=Q 0-1

[Event "DVM U20w 2013"]
[Site "Osnabrück GER"]
[Date "2013.12.28"]
[Round "4"]
[White "Ferrenberg, Lydia"]
[Black "Kluge, Helene"]
[Result "1-0"]
[Termination "normal"]
[Board "2.4"]
[WhiteElo "1601"]
[BlackElo "1018"]
[WhiteTeam "Chemnitzer SC Aufbau`95 1"]
[BlackTeam "BSV 63 Chemie Weißensee"]
[WhiteFideId "12931608"]
[BlackFideId "12983179"]
[EventCountry "GER"]
[EventRounds "7"]
[EventType "team-swiss"]
[EventDate "2013.12.26"]

1. c4 e5 2. g3 Nf6 3. Bg2 Nc6 4. Nc3 Bb4 5. Nd5 Nxd5 6. cxd5 Nd4 7. e3 Nf5 8.
a3 Ba5 9. b4 Bb6 10. Ne2 d6 11. O-O O-O 12. Bb2 Bd7 13. a4 a6 14. d4 Re8 15.
dxe5 dxe5 16. Qc2 Nd6 17. Kh1 Qc8 18. a5 Ba7 19. Rac1 Nb5 20. Be4 h6 21. Ng1
Bb8 22. Rfd1 Nd6 23. Bg2 Bh3 24. Bxh3 Qxh3 25. Nxh3 e4 26. Qc3 f6 27. Nf4 Nf7
28. Ne6 Ne5 29. Qd4 Nd3 30. Rc2 1-0

[Event "DVM U20w 2013"]
[Site "Osnabrück GER"]
[Date "2013.12.28"]
[Round "4"]
[White "Manusina, Nicole"]
[Black "Stoll, Katja"]
[Result "1-0"]
[Termination "normal"]
[Board "3.1"]
[WhiteElo "1827"]
[BlackElo "1855"]
[WhiteTeam "SK Lehrte"]
[BlackTeam "SC Bechhofen 1923 e.V."]
[WhiteFideId "24657514"]
[BlackFideId "1271730"]
[EventCountry "GER"]
[EventRounds "7"]
[EventType "team-swiss"]
[EventDate "2013.12.26"]

1. d4 d5 2. c4 c6 3. Nf3 Nf6 4. Nc3 e6 5. e3 Nbd7 6. Qc2 Bd6 7. g4 dxc4 8. Bxc4
Nd5 9. Bd2 N7b6 10. Be2 Bd7 11. Ne4 Be7 12. Nc5 Qc7 13. Ba5 Bd6 14. Nd2 e5 15.
Nc4 O-O-O 16. Ne4 Bb4+ 17. Bxb4 Nxb4 18. Ncd6+ Kb8 19. Qd2 N4d5 20. Nxf7 Bxg4
21. Nxh8 Bxe2 22. Qxe2 exd4 23. exd4 Nf4 24. Qf3 Nbd5 25. O-O-O Rxh8 26. Nc5
Qa5 27. Kb1 Ka8 28. Rhg1 g6 29. Rge1 Qb5 30. Re4 b6 31. Ne6 Nxe6 32. Rxe6 Rc8
33. Re5 Qa6 34. a3 Qb7 35. Rc1 Ne7 36. Qf6 Nf5 37. Re6 Qg7 38. Qxg7 Nxg7 39.
Rexc6 Rxc6 40. Rxc6 Kb7 41. Rf6 Nf5 42. d5 Kc7 43. Rf7+ Kd6 44. Rxa7 Kxd5 45.
Rxh7 b5 46. h4 Kc4 47. h5 gxh5 48. Rxh5 Nd6 49. Kc2 1-0

[Event "DVM U20w 2013"]
[Site "Osnabrück GER"]
[Date "2013.12.28"]
[Round "4"]
[White "Schäfer, Ann-Kathrin"]
[Black "Böhm, Jana"]
[Result "1-0"]
[Termination "normal"]
[Board "3.2"]
[WhiteElo "1710"]
[BlackElo "1705"]
[WhiteTeam "SC Bechhofen 1923 e.V."]
[BlackTeam "SK Lehrte"]
[WhiteFideId "24615412"]
[BlackFideId "24661589"]
[EventCountry "GER"]
[EventRounds "7"]
[EventType "team-swiss"]
[EventDate "2013.12.26"]

1. d4 Nf6 2. Nf3 g6 3. e3 Bg7 4. Bd3 d5 5. b3 c5 6. Bb2 O-O 7. O-O Nc6 8. dxc5
Qc7 9. a3 e5 10. Be2 a5 11. Nc3 e4 12. Nd4 Qe7 13. Na4 Bd7 14. Nxc6 Bxc6 15.
Nb6 Rad8 16. Bd4 Nd7 17. Bxg7 Kxg7 18. Nxd7 Rxd7 19. Qd4+ Kg8 20. b4 axb4 21.
axb4 Rdd8 22. Ra7 Qd7 23. Ra5 Ra8 24. Rfa1 Rxa5 25. Rxa5 Qc7 26. Ra1 Rd8 27.
Rd1 Ba4 28. Rd2 Qd7 29. c4 dxc4 30. Qxd7 Rxd7 31. Rxd7 Bxd7 32. Bxc4 Kf8 33.
Bd5 Bc6 34. Bxc6 bxc6 35. Kf1 Ke7 36. Ke2 Ke6 37. Kd2 Kd5 38. Kc3 f5 39. h4 h6
40. Kb3 g5 41. g3 Ke5 42. Kc4 f4 43. b5 fxe3 44. fxe3 gxh4 45. gxh4 cxb5+ 46.
Kxb5 Ke6 47. c6 1-0

[Event "DVM U20w 2013"]
[Site "Osnabrück GER"]
[Date "2013.12.28"]
[Round "4"]
[White "Schulze, Lara"]
[Black "Alsheimer, Lea"]
[Result "1-0"]
[Termination "normal"]
[Board "3.3"]
[WhiteElo "1759"]
[BlackElo "1406"]
[WhiteTeam "SK Lehrte"]
[BlackTeam "SC Bechhofen 1923 e.V."]
[WhiteFideId "12956830"]
[BlackFideId "12918180"]
[EventCountry "GER"]
[EventRounds "7"]
[EventType "team-swiss"]
[EventDate "2013.12.26"]

1. d4 d5 2. c4 e6 3. Nc3 Nf6 4. Bf4 c5 5. Nf3 Nc6 6. Nb5 e5 7. dxe5 Nh5 8. Bg5
Qa5+ 9. Qd2 Nb4 10. Rc1 a6 11. Nc3 d4 12. Nd5 h6 13. Bh4 g5 14. Bg3 g4 15. Nh4
Qd8 16. Nf4 Ng7 17. h3 h5 18. a3 Nc6 19. Nd5 Be6 20. Nf6+ Ke7 21. Qg5 Qa5+ 22.
Qd2 Qc7 23. Ne4 Kd8 24. Qg5+ Kd7 25. Nf6+ Kc8 26. Nd5 Qa5+ 27. Qd2 Qd8 28. Nf4
Ra7 29. Nxe6 Nxe6 30. Nf5 Kb8 31. hxg4 Ne7 32. Bh4 hxg4 33. Bxe7 Bxe7 34. Rxh8
Qxh8 35. Nxe7 Qxe5 36. Nd5 g3 37. f3 Qh8 38. e3 dxe3 39. Nxe3 Qe5 40. Qc3 Nd4
41. Rd1 f5 42. Kd2 b6 43. Re1 Qf4 44. Kc1 Re7 45. Kb1 Kb7 46. Ka2 Qd6 47. Nd5
Rxe1 48. Qxe1 f4 49. Qe4 1-0

[Event "DVM U20w 2013"]
[Site "Osnabrück GER"]
[Date "2013.12.28"]
[Round "4"]
[White "Böse, Christina"]
[Black "Dannenberg, Nicole"]
[Result "1-0"]
[Termination "normal"]
[Board "3.4"]
[WhiteElo "1311"]
[BlackElo "1161"]
[WhiteTeam "SC Bechhofen 1923 e.V."]
[BlackTeam "SK Lehrte"]
[WhiteFideId "12929654"]
[BlackFideId "1270508"]
[EventCountry "GER"]
[EventRounds "7"]
[EventType "team-swiss"]
[EventDate "2013.12.26"]

1. d4 d5 2. Nf3 Nf6 3. e3 Bf5 4. Bd3 Bxd3 5. Qxd3 e6 6. O-O Bd6 7. Ne5 Nbd7 8.
Nxd7 Qxd7 9. c4 c6 10. c5 Bc7 11. b4 O-O 12. Nc3 b6 13. a4 a6 14. Ba3 Rfb8 15.
b5 a5 16. Rfb1 Ra7 17. bxc6 Qxc6 18. Qb5 Qxb5 19. Nxb5 Ra6 20. Nxc7 Ra7 21. Nb5
Ra6 22. c6 Rc8 23. Rc1 Ne8 24. Nd6 Nxd6 25. Bxd6 Raa8 26. c7 Ra7 27. Rc6 Rb7
28. Rb1 b5 29. Rxb5 Rxb5 30. axb5 1-0

[Event "DVM U20w 2013"]
[Site "Osnabrück GER"]
[Date "2013.12.28"]
[Round "4"]
[White "Evers, Annika"]
[Black "Hartewig, Anja"]
[Result "1/2-1/2"]
[Termination "normal"]
[Board "4.1"]
[WhiteElo "1780"]
[BlackElo "1819"]
[WhiteTeam "SC Leipzig-Lindenau"]
[BlackTeam "Chemnitzer SC Aufbau`95 2"]
[WhiteFideId "24691933"]
[BlackFideId "12917966"]
[EventCountry "GER"]
[EventRounds "7"]
[EventType "team-swiss"]
[EventDate "2013.12.26"]

1. d4 d5 2. Nf3 Nf6 3. e3 e6 4. Bd3 c5 5. b3 cxd4 6. exd4 Nc6 7. O-O Bd6 8. Bb2
O-O 9. a3 b6 10. Nbd2 Bb7 11. Ne5 Qc7 12. Re1 Nd7 13. Ndf3 Rae8 14. Bxh7+ Kh8
15. Bd3 Nf6 16. Ng5 Kg8 17. Qf3 Be7 18. Qh3 Nd8 19. Nh7 g6 20. Nxf8 Bxf8 21.
Bc1 Qc3 22. Bg5 Bg7 23. Qf3 Nh7 24. Bxd8 Bxe5 25. dxe5 Rxd8 26. Bxg6 Qxf3 27.
Bxh7+ Kxh7 28. gxf3 d4 29. Rad1 Rg8+ 30. Kf1 Ba6+ 31. Re2 Rc8 32. Rxd4 Rxc2 33.
Rde4 Kg6 34. Ke1 Bxe2 35. Rxe2 Rc5 36. Kd2 Kf5 37. Re4 Ra5 38. a4 b5 39. Kc3
bxa4 40. Rxa4 Rxe5 41. Rxa7 Kg6 42. Ra4 Re2 43. Rg4+ Kf5 44. Rg2 Kf4 45. h4 Re5
46. Rh2 Rh5 47. Rh3 Ke5 48. Kc4 Kd6 49. b4 Kc6 50. Rh2 Kb6 51. b5 f6 52. f4
Rc5+ 53. Kd4 Rh5 54. f5 Rxf5 55. h5 Rd5+ 56. Ke4 Kxb5 57. h6 Rd8 58. h7 Rh8 59.
Kf4 Kc6 60. Rh1 Kd6 61. Ke4 Ke7 62. Kd4 Kd6 63. Rh6 Ke7 64. Kc5 Kd7 65. Rh1 Ke7
66. Kc6 Rc8+ 67. Kb7 Rh8 68. Kc7 e5 69. Kc6 Ke6 70. Kc5 Rc8+ 71. Kb4 Rh8 72.
Kc4 Kd6 73. Rh6 Ke6 74. Kc5 Rc8+ 75. Kb4 Rh8 76. Kc4 Kf7 77. Rh1 1/2-1/2

[Event "DVM U20w 2013"]
[Site "Osnabrück GER"]
[Date "2013.12.28"]
[Round "4"]
[White "Nitzsche, Pia"]
[Black "Spangenberg, Romy"]
[Result "1/2-1/2"]
[Termination "normal"]
[Board "4.2"]
[WhiteElo "1683"]
[BlackElo "1788"]
[WhiteTeam "Chemnitzer SC Aufbau`95 2"]
[BlackTeam "SC Leipzig-Lindenau"]
[WhiteFideId "12900370"]
[BlackFideId "4627997"]
[EventCountry "GER"]
[EventRounds "7"]
[EventType "team-swiss"]
[EventDate "2013.12.26"]

1. d4 d5 2. Nf3 Nf6 3. e3 Nbd7 4. Bd3 e6 5. O-O Bd6 6. b3 O-O 7. Bb2 c5 8. Nbd2
b6 9. Ne5 Qc7 10. f4 Bb7 11. Rf3 c4 12. Nxd7 Qxd7 13. Bf1 Rac8 14. c3 b5 15.
Rh3 Bc6 16. Nf3 Qe7 17. Ne5 Be8 18. b4 Ne4 19. Qh5 h6 20. Ng4 f5 21. Nxh6+ gxh6
22. Qxh6 Qg7 23. Qxe6+ Bf7 24. Qxf5 Rce8 25. Qd7 a6 26. Qb7 Ra8 27. Rh4 Qf6 28.
g3 Qg6 29. Bg2 Rfb8 30. Qc6 Be7 31. Qxg6+ Bxg6 32. Bxe4 Bxe4 33. Rh5 Bf3 34.
Re5 Bf6 35. Rf5 Kg7 36. Kf2 Be4 37. Rh5 Kg6 38. g4 Rh8 39. f5+ Kg7 40. Rg1 Rxh5
41. gxh5+ Kh7 42. Rg4 Rg8 43. h3 Bxf5 44. Rxg8 Kxg8 45. Kg3 Kg7 46. Bc1 Be4 47.
Kg4 Kh6 48. h4 Kg7 49. Bd2 Bc2 {Nicht Rekonstruierbar} 0-1

[Event "DVM U20w 2013"]
[Site "Osnabrück GER"]
[Date "2013.12.28"]
[Round "4"]
[White "Spangenberg, Pia"]
[Black "Pührer, Anne"]
[Result "0-1"]
[Termination "normal"]
[Board "4.3"]
[WhiteElo "1779"]
[BlackElo "1724"]
[WhiteTeam "SC Leipzig-Lindenau"]
[BlackTeam "Chemnitzer SC Aufbau`95 2"]
[WhiteFideId "4627989"]
[BlackFideId "24692247"]
[EventCountry "GER"]
[EventRounds "7"]
[EventType "team-swiss"]
[EventDate "2013.12.26"]

1. d4 d5 2. Nf3 Nf6 3. e3 Nbd7 4. Bd3 e6 5. O-O Bd6 6. b3 O-O 7. Bb2 c5 8. Nbd2
b6 9. Ne5 Qc7 10. f4 Bb7 11. Rf3 c4 12. Nxd7 Qxd7 13. Bf1 Rac8 14. c3 b5 15.
Rh3 Bc6 16. Nf3 Qe7 17. Ne5 Be8 18. b4 Ne4 19. Qh5 h6 20. Ng4 f5 21. Nxh6+ gxh6
22. Qxh6 Qg7 23. Qxe6+ Bf7 24. Qxf5 Rce8 25. Qd7 a6 26. Qb7 Ra8 27. Rh4 Qf6 28.
g3 Qg6 29. Bg2 Rfb8 30. Qc6 Be7 31. Qxg6+ Bxg6 32. Bxe4 Bxe4 33. Rh5 Bf3 34.
Re5 Bf6 35. Rf5 Kg7 36. Kf2 Be4 37. Rh5 Kg6 38. g4 Rh8 39. f5+ Kg7 40. Rg1 Rxh5
41. gxh5+ Kh7 42. Rg4 Rg8 43. h3 Bxf5 44. Rxg8 Kxg8 45. Kg3 Kg7 46. Bc1 Be4 47.
Kg4 Kh6 48. h4 Kg7 49. Bd2 Bc2 50. h6+ Kh7 51. a3 Be4 52. Be1 Kxh6 53. Bg3 Bc2
54. Bf4+ Kg7 55. Bg3 Bd3 56. Bf4 Be2+ 57. Kg3 Kg6 58. Kf2 Bd1 59. Ke1 Bg4 60.
Kd2 Bxh4 61. Bh2 Kf5 62. Be5 Bg5 63. Bh2 Ke4 64. Bg1 Bh6 65. Bf2 Kf3 66. Bh4
Bxe3+ 67. Kc2 Ke2 68. Be7 Bf5+ 69. Kb2 Kd1 70. Bh4 Bc1+ 71. Ka2 Bd2 72. Kb2 Bc2
73. Ka2 Kc1 74. a4 Bb3+ 75. Ka3 Bxc3 76. Bg5+ Kb1 77. axb5 Bb2# 0-1

[Event "DVM U20w 2013"]
[Site "Osnabrück GER"]
[Date "2013.12.28"]
[Round "4"]
[White "Fischer, Franziska"]
[Black "Klotz, Diana"]
[Result "1-0"]
[Termination "normal"]
[Board "4.4"]
[WhiteElo "1530"]
[BlackElo "1000"]
[WhiteTeam "Chemnitzer SC Aufbau`95 2"]
[BlackTeam "SC Leipzig-Lindenau"]
[WhiteFideId "12924199"]
[BlackFideId "12983187"]
[EventCountry "GER"]
[EventRounds "7"]
[EventType "team-swiss"]
[EventDate "2013.12.26"]

1. d4 Nf6 2. e3 e6 3. Bd3 Be7 4. f4 O-O 5. Nf3 h6 6. O-O Nc6 7. c3 d5 8. Nbd2
Bd7 9. Ne5 Nxe5 10. fxe5 Ne8 11. Rf3 c6 12. Rg3 Nc7 13. Qg4 g6 14. Bxg6 fxg6
15. Qxg6+ Kh8 16. Qg7# 1-0

[Event "DVM U20w 2013"]
[Site "Osnabrück GER"]
[Date "2013.12.28"]
[Round "4"]
[White "Krtschil, Anna"]
[Black "Kühnel, Lena"]
[Result "0-1"]
[Termination "normal"]
[Board "5.1"]
[WhiteElo "1445"]
[BlackElo "1934"]
[WhiteTeam "SG Burgtonna"]
[BlackTeam "Dortmunder Schachverein 1875"]
[WhiteFideId "4611144"]
[BlackFideId "24640956"]
[EventCountry "GER"]
[EventRounds "7"]
[EventType "team-swiss"]
[EventDate "2013.12.26"]

1. e4 c5 2. Nc3 e6 3. Nf3 Nc6 4. d4 cxd4 5. Nxd4 Nf6 6. f3 d5 7. Be3 Bb4 8.
Nxc6 bxc6 9. Bd2 O-O 10. a3 Bc5 11. Bd3 e5 12. Na4 Bd6 13. O-O Rb8 14. Rb1 Bd7
15. Nc3 h6 16. Ne2 dxe4 17. fxe4 Bc5+ 18. Kh1 Ng4 19. Qe1 f5 20. exf5 e4 21.
Bxe4 Bc8 22. b4 Nf2+ 0-1

[Event "DVM U20w 2013"]
[Site "Osnabrück GER"]
[Date "2013.12.28"]
[Round "4"]
[White "Friese, Sarah"]
[Black "Halle, Julia"]
[Result "1-0"]
[Termination "normal"]
[Board "5.2"]
[WhiteElo "1666"]
[BlackElo "1403"]
[WhiteTeam "Dortmunder Schachverein 1875"]
[BlackTeam "SG Burgtonna"]
[WhiteFideId "24691950"]
[BlackFideId "24694940"]
[EventCountry "GER"]
[EventRounds "7"]
[EventType "team-swiss"]
[EventDate "2013.12.26"]

1. e4 d6 2. d4 Nf6 3. Nc3 g6 4. Bg5 Bg7 5. Bc4 O-O 6. Qd2 c6 7. Nge2 b5 8. Bd3
a5 9. h4 a4 10. a3 Qa5 11. e5 dxe5 12. dxe5 Nd5 13. Nxd5 Qxd2+ 14. Kxd2 cxd5
15. Bxe7 Re8 16. Bf6 Ba6 17. Bxg7 Kxg7 18. f4 Nc6 19. Nc3 Nd4 20. Nxd5 Rac8 21.
Nb4 Bb7 22. Ke3 Red8 23. Rhg1 Rc5 24. Rad1 Ne6 25. Be2 Rxd1 26. Bxd1 Rc4 27. g3
Re4+ 28. Kf2 Rc4 29. Be2 Rc5 30. Rd1 Bc8 31. Bg4 Kh6 32. Bxe6 Bxe6 33. Rd6 Kh5
34. c3 Kg4 35. Nc6 Rc4 36. Nd4 Bc8 37. Nxb5 Re4 38. Rd4 Rxd4 39. cxd4 Be6 40.
Nc7 Bd7 41. d5 1-0

[Event "DVM U20w 2013"]
[Site "Osnabrück GER"]
[Date "2013.12.28"]
[Round "4"]
[White "Winterberg, Johanna"]
[Black "Hoffmann, Hanna Dorina"]
[Result "0-1"]
[Termination "normal"]
[Board "5.3"]
[WhiteElo "1365"]
[BlackElo "1594"]
[WhiteTeam "SG Burgtonna"]
[BlackTeam "Dortmunder Schachverein 1875"]
[WhiteFideId "12929344"]
[BlackFideId "12909858"]
[EventCountry "GER"]
[EventRounds "7"]
[EventType "team-swiss"]
[EventDate "2013.12.26"]

1. e4 c5 2. Nf3 d6 3. d4 cxd4 4. Nxd4 Bd7 5. Nc3 g6 6. Be3 Bg7 7. Qd2 Nf6 8.
O-O-O Nc6 9. Nxc6 bxc6 10. Bc4 a5 11. Bh6 O-O 12. h4 Qb6 13. h5 Nxe4 14. Be3
Nxd2 15. Bxb6 Nxc4 16. Bd4 e5 17. Be3 Nxe3 18. fxe3 d5 19. e4 d4 20. Na4 Rad8
21. h6 Bh8 22. Nc5 Bc8 23. a4 f5 24. b4 axb4 25. a5 fxe4 26. Nxe4 Rd5 27. Rhf1
Bf5 28. Ng3 Rxa5 29. Kb2 e4 30. Kb3 c5 31. Rf2 Be6+ 32. Kb2 Rxf2 0-1

[Event "DVM U20w 2013"]
[Site "Osnabrück GER"]
[Date "2013.12.28"]
[Round "4"]
[White "Finke, Lara"]
[Black "Schirrmeister, Laura"]
[Result "1-0"]
[Termination "normal"]
[Board "5.4"]
[WhiteElo "1664"]
[BlackElo "992"]
[WhiteTeam "Dortmunder Schachverein 1875"]
[BlackTeam "SG Burgtonna"]
[WhiteFideId "12909874"]
[BlackFideId "24694967"]
[EventCountry "GER"]
[EventRounds "7"]
[EventType "team-swiss"]
[EventDate "2013.12.26"]

1. e4 d6 2. Nf3 Nf6 3. Nc3 g6 4. Bc4 Bg7 5. O-O O-O 6. d3 c5 7. h3 Nc6 8. Be3
a6 9. a4 Rb8 10. Qd2 Na7 11. Bb3 b5 12. axb5 Nxb5 13. Nxb5 axb5 14. Bh6 Kh8 15.
Ra7 Rb7 16. Ra8 e6 17. Rfa1 b4 18. e5 Ne8 19. exd6 Nxd6 20. R1a5 Qc7 21. Bxg7+
Kxg7 22. Qe3 Rb5 23. Ra1 Nf5 24. Qe2 Bb7 25. R8a7 Qb8 26. Bc4 Rb6 27. Qd1 Nd4
28. Nxd4 cxd4 29. Qd2 Qe5 30. R7a5 Bd5 31. Bxd5 exd5 32. Re1 Qd6 33. Qg5 Qf6
34. Qxd5 Rd8 35. Qe5 Qxe5 36. Rexe5 Rc8 37. Rec5 Re8 38. Re5 Rc8 39. Rac5 Ra8
40. Kf1 Kf6 41. Ke2 h5 42. Re4 Rd8 43. Rc4 Kg5 44. Rexd4 Rxd4 45. Rxd4 1-0

[Event "DVM U20w 2013"]
[Site "Osnabrück GER"]
[Date "2013.12.28"]
[Round "4"]
[White "Eue, Vicky"]
[Black "Wilke, Tabea"]
[Result "1/2-1/2"]
[Termination "normal"]
[Board "6.1"]
[WhiteElo "1646"]
[BlackElo "1748"]
[WhiteTeam "Leegebrucher Schachfreunde"]
[BlackTeam "SC 1979 Hattersheim"]
[WhiteFideId "12945838"]
[BlackFideId "12910015"]
[EventCountry "GER"]
[EventRounds "7"]
[EventType "team-swiss"]
[EventDate "2013.12.26"]

1. e4 c5 2. Nf3 Nc6 3. d4 cxd4 4. Nxd4 Nf6 5. Nc3 e5 6. Nf5 d5 7. Bg5 Bxf5 8.
exf5 d4 9. Bxf6 Qxf6 10. Nd5 Qd8 11. Qf3 Qa5+ 12. c3 O-O-O 13. Bc4 Qc5 14. Bb3
Kb8 15. O-O f6 16. Qe4 Bd6 17. Qg4 Bf8 18. Qe4 Be7 19. Rac1 g6 20. cxd4 Qxd4
21. Qxd4 exd4 22. fxg6 hxg6 23. Rfe1 Bd6 24. h3 Be5 25. Rcd1 f5 26. f4 Bg7 27.
Re6 Rh6 28. Rde1 d3 29. Re8 Bxb2 30. Rxd8+ Nxd8 31. Rd1 Ne6 32. Rxd3 Bc1 33.
Rc3 Nxf4 34. Nxf4 Bxf4 35. Be6 Rh8 36. Rc2 Rd8 37. Bf7 g5 38. Kf2 Rd2+ 39. Rxd2
Bxd2 40. Kf3 Kc7 41. Be6 f4 42. Ke4 Kd6 43. Bc8 b6 44. Ba6 Ke6 45. Bb5 a5 46.
a4 Be3 47. g3 Kf6 48. g4 Bd2 49. Bc4 Be3 50. Bb5 1/2-1/2

[Event "DVM U20w 2013"]
[Site "Osnabrück GER"]
[Date "2013.12.28"]
[Round "4"]
[White "Rosmanitz, Anna"]
[Black "Reck, Jessica"]
[Result "1-0"]
[Termination "normal"]
[Board "6.2"]
[WhiteElo "1631"]
[BlackElo "1274"]
[WhiteTeam "SC 1979 Hattersheim"]
[BlackTeam "Leegebrucher Schachfreunde"]
[WhiteFideId "12910058"]
[BlackFideId "12917931"]
[EventCountry "GER"]
[EventRounds "7"]
[EventType "team-swiss"]
[EventDate "2013.12.26"]

1. e4 g6 2. d4 Bg7 3. Nf3 d6 4. Be3 Nf6 5. Nc3 Nc6 6. Bc4 O-O 7. O-O e5 8. Bg5
Qe8 9. Bxf6 Bxf6 10. Nd5 Qd8 11. Nxf6+ Qxf6 12. dxe5 Nxe5 13. Nxe5 Qxe5 14. Qd3
Qxb2 15. Rab1 Qe5 16. f4 Qc5+ 17. Kh1 b6 18. Rb5 Qc6 19. Rg5 Be6 20. Bb5 Qb7
21. f5 Bxa2 22. Qh3 Qxe4 23. Bd3 Qe5 24. fxg6 fxg6 25. Rxf8+ Rxf8 26. Rxe5 dxe5
27. c4 Bb1 28. Qe6+ Kg7 29. Qxe5+ Kh6 30. Qe3+ Kg7 31. Qd4+ Kh6 32. Kg1 Bxd3
33. Qxd3 Rf6 34. Qh3+ Kg7 35. Qd7+ Rf7 36. Qd4+ Kg8 37. Qd8+ Kg7 38. Qd4+ Kg8
39. Qd5 Kg7 40. Qe5+ Kg8 41. Qe6 Kg7 42. h4 a5 43. g4 a4 44. Qe5+ Kg8 45. Qe8+
Rf8 46. Qxa4 Rf4 47. Qe8+ Rf8 48. Qe7 Rf7 49. Qe6 Kf8 50. Kg2 Re7 51. Qf6+ Rf7
52. Qh8+ Ke7 53. Qe5+ Kf8 54. Kg3 Kg8 55. Qg5 Kf8 56. h5 gxh5 57. Qh6+ Kg8 58.
Qxh5 Kf8 59. Qh6+ Kg8 60. Qg5+ Kf8 61. Kh4 Re7 62. Qf5+ Rf7 63. Qe5 Kg8 64. Kh5
Kf8 65. Kh6 Kg8 66. Qg5+ 1-0